000 00819cam a2200277 u 4500
003 UPN
005 20240228064341.0
008 190813s2005 cl a br 000 j spa d
020 _a9568377050
035 _aUPN01000231992
040 _aMX-MxUPN
_bspa
_cMX-MxUPN
049 _aI
050 4 _aPZ78
_bM866 2005
100 1 _aMuñoz Chereau, Bernardita,
_d1975-
_933746
245 1 4 _aLos lunares de Lía
250 _aPrimera edición
260 _aSantiago de Chile :
_bRecrea,
_c2005.
300 _a24 páginas :
_bilustraciones
490 0 _aCuenta y recrea
650 4 _aLibros y lectura para niños
_92290
650 7 _aLibros ilustrados para niños
_921365
650 7 _aAutopercepción en niños
_vLiteratura infantil
_2
_913529
905 _aInfantil
942 _2lcc
_cLIBRO
999 _c204087
_d204087